| 000 | 00498 a2200169 4500 | ||
|---|---|---|---|
| 999 |
_c41560 _d41560 |
||
| 003 | OSt | ||
| 005 | 20220926143612.0 | ||
| 008 | 220926b ||||| |||| 00| 0 eng d | ||
| 020 | _a9789389627909 | ||
| 040 | _coclc | ||
| 082 |
_a664.0685 _bSUN/Q |
||
| 100 |
_99138 _aSundhararajan, R |
||
| 245 |
_aQuality assurance / _cDr. R Sundhararajan |
||
| 260 |
_aLucknow: _bThakur Publications, _c2021. |
||
| 300 | _a200 pages | ||
| 942 |
_2ddc _cBK _h664.0685 _iSUN/Q _k664.0685 _mSUN/Q |
||